1436 1646 1748 1826 1000 1655 1654 1943 1291 1142 1126 1076 1006 1809 1560 1151 1798 1337 1400 1907 1022 1826 1861 1851 1683 1549 1585 1636 1635 1954 1843 1192 1903 1186 1692 1703 1655 1390 1298 1667 1234 1790 1841 1410 1870 1672 1469 1353 1392 1675 1633 1798 1908 1802 1428 1186 1685 1481 1401 1001 1254 1983 1536 1095 1875 1012 1148 1795 1999 1261 1065 1090 1423 1276 1461 1093 1951 1439 1412 1415 1305 1794 1239 1509 1185 1666 1217 1000 1326 1464 1554 1503 1634 1992 1476 1332 1835 1235 1716 BCNSPRNW ULIB Ver.6.0+V

เปลี่ยนเป็นภาษาไทย

Change to English
 แสดงรายละเอียดบรรณานุกรม
  กลับหน้าหลัก

Brief Record : Get Marc (ISO 2709) : E-mail record : QR code < ปิดหน้าต่าง
LEADER : 00000nas 2200000uu 4500
001    13399120626
003     ULIB
008    121001s||||||||th 000 0 tha d
022 0  08589216
245 00 วารสารวิชาการ สมาคมสถาบันอุดมศึกษาเอกชนแห่งประเทศไทย^nAPHEIT Journal
260    สมาคมสถาบันอุดมศึกษาเอกชนแห่งประเทศไทย
310    ^aราย 6 เดือน
850 ^a ULIB^bฉบับที่ 1 ปีที่ 18 ฉ.1 ;ฉบับที่ 1 ปีที่ 18 ฉ.2 ;ฉบับที่ 2 ปีที่ 17 ;ฉบับที่ 2 ปีที่ 19
945    ^p0^l0^i900739
945    ^p0^l0^i900740
945    ^p0^l0^i901720
945    ^p0^l0^i902156
999    ^aใช้งานได้ทุกระบบ
รายการนี้ยังไม่มีแท็ก
คุณยังไม่ได้ล็อกอิน คุณสามารถมีกิจกรรมร่วมกับเว็บไซต์ได้ แต่ต้องล็อกอินก่อน ::
  ล็อกอิน

รายการสื่อสารสนเทศ (วารสาร)

ดูแบบ: กล่อง รายการ
ARRIVED
ฉบับที่ 2 ปีที่ 17
สถานที่: ห้องสมุดวิทยาเขตสวรรค์ประชารักษ์ >วารสาร
ARRIVED
ฉบับที่ 1 ปีที่ 18 ฉ.1
สถานที่: ห้องสมุดวิทยาเขตสวรรค์ประชารักษ์ >หนังสือทั่วไป
ARRIVED
ฉบับที่ 2 ปีที่ 19
สถานที่: ห้องสมุดวิทยาเขตสวรรค์ประชารักษ์ >วารสาร

BibComment


ยังไม่เคยถูกคอมเมนท์

คอมเมนท์ทรัพยากรรายการนี้
  คอมเมนท์: วารสารวิชาการ สมา..


 Copyright 2026. Bcnsprnw @Library